les blindés soviétiques de la seconde guerre mondiale - Statistiques

Statistiques générales
  • Ce quiz a été pris 18 fois
  • Le résultat moyen est 11 sur 14
Statistiques - réponses
Par images Réponse % Correct
IS-2
100%
T-34-76
100%
BT-7
92%
IS-1
92%
IS-3
92%
KV1
92%
KV2
92%
T-28
92%
T-34-85
83%
BT-5
75%
ISU-152 "Zveroboy"
75%
ISU-122
50%
T-34-57
50%
KV-85
42%
Aucun quiz correspondant
Distribution des résultats
% des personnes avec chaque résultat
Percentile par nombre de réponses
Votre historique - résultats
Vous n’avez pas pris ce quiz